| 000 | 00462nam a2200145 i 4500 | ||
|---|---|---|---|
| 001 | 35466 | ||
| 003 | ES-MaACL | ||
| 007 | t| | ||
| 008 | 030213s1954 sp ||||1| spa d | ||
| 100 | 1 |
_aBonacossa, Luciano. _930057 |
|
| 245 | 1 | 0 |
_aMotores Diesel fijos y marinos / _cLuciano Bonacossa ; traducido de la segunda edición italiana. |
| 260 |
_aBarcelona : _bSintes, _c1954 ( _fSalvadó) |
||
| 300 |
_a291 p. : _bil. ; _c23 cm. |
||
| 852 |
_aES-MaACL _jC-8011 _bR.36213 |
||
| 999 |
_c35466 _d35466 |
||